Disney Channel Shows - Statistics

General Stats
  • This quiz has been taken 577 times
  • The average score is 6 of 7
Answer Stats
Charecters T.V. Show % Correct
Jessie Prescot, Zuri Ross, Ravi Ross, Luke Ross, Emma Ross, Morgan Ross, Christina Ross Jessie
99%
Teddy Duncan, Pj Duncan, Gabe Duncan, Charlie Duncan, Amy Duncan, Bob Duncan Good Luck Charlie
98%
Ally Dawson, Austin Moon, Trish Delerosa, Dez Perato Austin and Ally
97%
Maddie Rooney, Liv Rooney, Parker Rooney, Joey Rooney Liv and Maddie
95%
China Parks, Olive Doyle, Fletcher Quimby A.N.T. Farm
89%
Cece Jones, Rocky Blue, Flynn Jones, Ty Blue, Duece Martinez, Dina Garsia, Tinka Hesenhefer Shake It Up
85%
Dipper Pines, Mabel Pines, Stanford Pines, Soos, Gideon Gleefull Gravity Falls
68%
No matching quizzes found
Score Distribution
Percent of People with Each Score
Percentile by Number Answered
Your Score History
You have not taken this quiz